[Event "老子"]
[Site "SchemingMind.com"]
[Date "2016.12.20"]
[Round "-"]
[White "Chessibelle"]
[Black "Transcendent"]
[Result "0-1"]
[WhiteCountry "ENG"]
[BlackCountry "ENG"]
[WhiteElo "1136"]
[WhiteRD "61"]
[BlackElo "1636"]
[BlackRD "81"]
[GameID "408236"]

1. d4 d5 2. e3 Nf6 3. Nf3 c5 4. Be2 Nc6 5. Nc3 Bf5 6. a3 e6 7. O-O cxd4 8. exd4 Be7 9. Bd2 O-O 10. Ne5 Nd7
11. f4 Nxd4 12. Nf3 Bxc2 13. Qe1 Nxe2+ 14. Nxe2 Nf6 15. Ned4 Bd3 16. Rf2 Ne4 17. Ne5 Nxf2 18. Qxf2 Bc5 19. Be3 Bxd4 20. Bxd4 Be4
21. Qg3 f6 22. Ng4 Rc8 23. Bxa7 Rc2 24. Bd4 Rxg2+ 25. Qxg2 Bxg2 26. Kxg2 Qa5 27. Kg3 Qd2 28. Bg1 Rc8 29. b4 Rc3+ 30. Kh4 g5+
31. Kh5 Rh3#
0-1

[Event "老子"]
[Site "SchemingMind.com"]
[Date "2016.12.19"]
[Round "-"]
[White "Transcendent"]
[Black "Stephen Woodhouse"]
[Result "1-0"]
[WhiteCountry "ENG"]
[BlackCountry "ENG"]
[WhiteElo "1636"]
[WhiteRD "81"]
[BlackElo "1925"]
[BlackRD "55"]
[GameID "408237"]

1. e4 e6 2. d4 d5 3. Nc3 Nf6 4. e5 Nfd7 5. f4 c5 6. Nf3 Nc6 7. Be3 cxd4 8. Nxd4 Nxd4 9. Bxd4 Bc5 10. Bxc5 Nxc5
11. Qd4 Qb6 12. O-O-O Bd7 13. h4 h5 14. f5 exf5 15. Nxd5 Qa5 16. b4 Qa3+ 17. Kb1 Ne6 18. Nc7+ Nxc7 19. Qxd7+ Kf8 20. Qxc7 Qxb4+
21. Ka1 g6 22. Bc4 Qc3+ 23. Kb1 Qb4+ 24. Bb3 Kg7 25. Qxf7+ Kh6 26. Rd7 Qf8 27. Rxb7 Qxf7 28. Rxf7
1-0

[Event "老子"]
[Site "SchemingMind.com"]
[Date "2016.12.20"]
[Round "-"]
[White "Stephen Woodhouse"]
[Black "Transcendent"]
[Result "0-1"]
[WhiteCountry "ENG"]
[BlackCountry "ENG"]
[WhiteElo "1913"]
[WhiteRD "60"]
[BlackElo "1688"]
[BlackRD "62"]
[GameID "408238"]

1. e4 e6 2. d4 d5 3. Nd2 Nf6 4. e5 Nfd7 5. Bd3 c5 6. c3 Nc6 7. Ne2 cxd4 8. cxd4 f6 9. exf6 Nxf6 10. O-O Bd6
11. Nf3 O-O 12. Bg5 Qc7 13. Rc1 Ng4 14. h3 Rxf3 15. hxg4 Rf7 16. Bb1 Bd7 17. Qd3 g6 18. Bh4 e5 19. dxe5 Bxe5 20. Bg3 Bxg3
21. Nxg3 Be6 22. Ne2 Bxg4 23. Nd4 Raf8 24. a3 Qb6 25. Nxc6 bxc6 26. Qc3 Rxf2 27. Rxf2 Qxf2+ 28. Kh1 Rf3 29. Qxc6 Rh3+
0-1

[Event "老子"]
[Site "SchemingMind.com"]
[Date "2016.12.20"]
[Round "-"]
[White "Wojtek26"]
[Black "Transcendent"]
[Result "0-1"]
[WhiteCountry "POL"]
[BlackCountry "ENG"]
[WhiteElo "1585"]
[WhiteRD "53"]
[BlackElo "1688"]
[BlackRD "62"]
[GameID "408240"]

1. d4 d5 2. c4 c6 3. e3 Nf6 4. Nf3 Bf5 5. Nc3 a6 6. c5 Nbd7 7. Bd3 Bxd3 8. Qxd3 g6 9. O-O Bg7 10. Bd2 O-O
11. Rfe1 Qc7 12. b4 Rfe8 13. a3 e5 14. dxe5 Nxe5 15. Nxe5 Qxe5 16. Ne2 Ne4 17. Rac1 Nxd2 18. Qxd2 Rad8 19. Qc3 Qxc3 20. Nxc3 d4
21. exd4 Bxd4 22. Ne4 Bb2 23. Rb1 Bxa3 24. Kf1 Kg7 25. Re3 Rd4 26. Nd6 Rxe3 27. fxe3 Rxb4 28. Rxb4 Bxb4 29. Nxb7 a5 30. Nd8 Bxc5
31. Nxc6 a4 32. Na5 Bxe3 33. Nc4 Bc5
0-1

[Event "老子"]
[Site "SchemingMind.com"]
[Date "2016.12.21"]
[Round "-"]
[White "Juan Jose Rivas Maceda"]
[Black "flyinduck"]
[Result "1-0"]
[WhiteCountry "PER"]
[BlackCountry "CAN"]
[WhiteElo "2563"]
[WhiteRD "82"]
[BlackElo "2064"]
[BlackRD "62"]
[GameID "408249"]

1. e4 c5 2. Nf3 Nc6 3. Bb5 d6 4. O-O Bd7 5. Re1 Nf6 6. c3 a6 7. Ba4 b5 8. Bc2 Bg4 9. d3 e6 10. Nbd2 Be7
11. h3 Bh5 12. Nf1 d5 13. Ng3 Bg6 14. Qe2 O-O 15. Nh4 Re8 16. exd5 Qxd5 17. Ne4 Rad8 18. Nxg6 hxg6 19. Be3 Nxe4 20. dxe4 Qh5
21. Qxh5 gxh5 22. f4 g6 23. Red1 Kg7 24. e5 f5 25. exf6+ Kxf6 26. Bf2 Kf7 27. Be4 Nb8 28. Kf1 Bd6 29. a4 b4 30. Be3 Be7
31. Ke2 a5 32. cxb4
1-0

[Event "老子"]
[Site "SchemingMind.com"]
[Date "2016.12.21"]
[Round "-"]
[White "flyinduck"]
[Black "Juan Jose Rivas Maceda"]
[Result "0-1"]
[WhiteCountry "CAN"]
[BlackCountry "PER"]
[WhiteElo "2068"]
[WhiteRD "62"]
[BlackElo "2572"]
[BlackRD "96"]
[GameID "408250"]

1. d4 d5 2. Nc3 Nf6 3. Bg5 Nbd7 4. f3 c6 5. e4 dxe4 6. fxe4 e5 7. dxe5 Qa5 8. Bxf6 gxf6 9. Qf3 Nxe5 10. Qxf6 Rg8
11. O-O-O Be6 12. Kb1 Rg6 13. Qh8 Rg7
0-1

[Event "老子"]
[Site "SchemingMind.com"]
[Date "2016.12.21"]
[Round "-"]
[White "Steven DuCharme"]
[Black "flyinduck"]
[Result "0-1"]
[WhiteCountry "USA"]
[BlackCountry "CAN"]
[WhiteElo "1488"]
[WhiteRD "54"]
[BlackElo "2042"]
[BlackRD "57"]
[GameID "408251"]

1. d4 d5 2. Nf3 Bf5 3. Bf4 e6 4. e3 Bd6 5. Bg3 Nf6 6. Bd3 O-O 7. O-O Ne4 8. Nbd2 Nxg3 9. hxg3 c6 10. e4 dxe4
11. Nxe4 Bc7 12. c3 Nd7 13. Qc2 Bg6 14. Nh4 e5 15. Nxg6 hxg6 16. f4 exd4 17. cxd4 Nf6 18. Qc3 Nxe4 19. Bxe4 Bb6 20. Rad1 Re8
21. Bf3 Qf6 22. a4 Rad8 23. Rfe1 Bxd4+
0-1

[Event "老子"]
[Site "SchemingMind.com"]
[Date "2016.12.23"]
[Round "-"]
[White "flyinduck"]
[Black "Steven DuCharme"]
[Result "1-0"]
[WhiteCountry "CAN"]
[BlackCountry "USA"]
[WhiteElo "2042"]
[WhiteRD "57"]
[BlackElo "1488"]
[BlackRD "54"]
[GameID "408252"]

1. e4 d6 2. d4 Nf6 3. Nc3 Nbd7 4. Nf3 g6 5. h3 Bg7 6. e5 dxe5 7. dxe5 Ng8 8. e6 Bxc3+ 9. bxc3 fxe6 10. Bd3 Nc5
11. O-O Nxd3 12. cxd3 b6 13. Ne5 Bb7 14. Qa4+ Kf8 15. Bg5 c6 16. Rfe1 Kg7 17. Qg4 h5 18. Bf6+
1-0

[Event "老子"]
[Site "SchemingMind.com"]
[Date "2016.12.21"]
[Round "-"]
[White "Ilang"]
[Black "flyinduck"]
[Result "1/2-1/2"]
[WhiteCountry "HUN"]
[BlackCountry "CAN"]
[WhiteElo "2468"]
[WhiteRD "86"]
[BlackElo "2068"]
[BlackRD "62"]
[GameID "408253"]

1. e4 c5 2. Nf3 Nc6 3. d4 cxd4 4. Nxd4 Nf6 5. Nc3 e5 6. Ndb5 d6 7. Bg5 a6 8. Na3 b5 9. Nd5 Be7 10. Bxf6 Bxf6
11. c3 O-O 12. Nc2 Bg5 13. a4 bxa4 14. Rxa4 a5 15. Bc4 Rb8 16. b3 Kh8 17. Nce3 Ne7 18. Nxe7 Qxe7 19. Nd5 Qd8 20. Qe2 f5
21. O-O fxe4 22. Rfa1 e3 23. Nxe3 Bxe3 24. Qxe3 d5 25. Bf1 Qf6 26. Rxa5 d4 27. Qe1 Rxb3 28. Rxe5 Rxc3 29. Re8 h6 30. Ra8 Kh7
31. Rxf8 Qxf8 32. Qe4+ Qf5 33. Qxd4 Rc1 34. Ra1 Rxa1 35. Qxa1 Qd5 36. Qc3 Bf5 37. h4 Qe4 38. g3 Qc2 39. Qxc2 Bxc2 40. h5 Kg8
41. Be2 Kf7 42. f4 Kf6 43. Kf2 Kf5 44. Ke3 Bb1 45. g4+ Kf6 46. Kd4 Bc2 47. Bf3 Bb1 48. Be4 Ba2 49. Bc2 Be6 50. Bd1 Ba2
51. Be2=
1/2-1/2

[Event "老子"]
[Site "SchemingMind.com"]
[Date "2016.12.21"]
[Round "-"]
[White "flyinduck"]
[Black "Ilang"]
[Result "0-1"]
[WhiteCountry "CAN"]
[BlackCountry "HUN"]
[WhiteElo "2042"]
[WhiteRD "57"]
[BlackElo "2477"]
[BlackRD "87"]
[GameID "408254"]

1. d4 d5 2. Nc3 Nf6 3. Bg5 Nbd7 4. f3 c5 5. dxc5 e6 6. b4 b6 7. c6 Ne5 8. b5 Bb4 9. Bd2 O-O 10. e3 a6
11. a4 d4 12. Na2 Bc5 13. Bb4 Nd5 14. Bxc5 Nxe3 15. Bxd4 Nxd1 16. Rxd1 Qh4+ 17. g3 Qh5 18. Kf2 axb5 19. Bxb5 Ba6 20. Nb4 Bxb5
21. axb5 Nc4
0-1

[Event "老子"]
[Site "SchemingMind.com"]
[Date "2016.12.25"]
[Round "-"]
[White "echecs"]
[Black "flyinduck"]
[Result "0-1"]
[WhiteCountry "ENG"]
[BlackCountry "CAN"]
[WhiteElo "1873"]
[WhiteRD "67"]
[BlackElo "2043"]
[BlackRD "60"]
[GameID "408255"]

1. e4 Nf6 2. Nc3 d5 3. exd5 Nxd5 4. Bc4 Nb6 5. Bb3 Nc6 6. Nge2 e5 7. d3 Be7 8. Ng3 O-O 9. O-O Nd4 10. Be3 Nxb3
11. axb3 Nd5 12. Nxd5 Qxd5 13. Bxa7 b6 14. Ra2 Bb7 15. f3 b5 16. Qa1 c5 17. Nf5 Bf6 18. c4 Qxd3 19. Bxc5 Qxf5 20. Bxf8 Rxf8
21. Ra7 Qc8 22. Rc1 e4 23. Rxb7 Qxb7 24. fxe4 Qxe4 25. cxb5 h5 26. Kh1 Re8 27. h3 Qf4 28. b6 Be5 29. Kg1 Qh2+ 30. Kf2 Bd4+
0-1

[Event "老子"]
[Site "SchemingMind.com"]
[Date "2016.12.25"]
[Round "-"]
[White "flyinduck"]
[Black "echecs"]
[Result "1-0"]
[WhiteCountry "CAN"]
[BlackCountry "ENG"]
[WhiteElo "2042"]
[WhiteRD "57"]
[BlackElo "1843"]
[BlackRD "63"]
[GameID "408256"]

1. e4 e5 2. f4 exf4 3. Nf3 d6 4. d4 g5 5. g3 g4 6. Nh4 f3 7. Nc3 Be7 8. Be3 Bxh4 9. gxh4 Qxh4+ 10. Bf2 Qf6
11. Qd2 Bd7 12. O-O-O Nc6 13. Nd5 Qd8 14. Bd3 Nge7 15. Nf6+
1-0

[Event "老子"]
[Site "SchemingMind.com"]
[Date "2016.12.21"]
[Round "-"]
[White "Scooter"]
[Black "flyinduck"]
[Result "0-1"]
[WhiteCountry "USA"]
[BlackCountry "CAN"]
[WhiteElo "1717"]
[WhiteRD "54"]
[BlackElo "2042"]
[BlackRD "57"]
[GameID "408257"]

1. d4 d5 2. Nf3 Bf5 3. e3 Nf6 4. Bd3 e6 5. Bxf5 exf5 6. O-O Nbd7 7. Nbd2 Bd6 8. c4 c6 9. c5 Bc7 10. b4 O-O
11. a4 Ne4 12. Bb2 Qe7 13. b5 f4 14. bxc6 bxc6 15. Qc2 fxe3 16. fxe3 f5 17. Rab1 g5 18. h3 g4 19. hxg4 fxg4 20. Nh2 Qh4
21. Nxe4 Qxh2#
0-1

[Event "老子"]
[Site "SchemingMind.com"]
[Date "2016.12.21"]
[Round "-"]
[White "flyinduck"]
[Black "Scooter"]
[Result "1-0"]
[WhiteCountry "CAN"]
[BlackCountry "USA"]
[WhiteElo "2042"]
[WhiteRD "57"]
[BlackElo "1717"]
[BlackRD "54"]
[GameID "408258"]

1. e4 c6 2. d4 d5 3. e5 Bf5 4. Nc3 e6 5. g4 Bg6 6. Nge2 Nd7 7. h4 h6 8. Be3 Bb4 9. Bg2 Ne7 10. f4 Qc7
11. h5 Be4 12. Bxe4 dxe4 13. Kf2 Nd5 14. Nxe4 Nxe3 15. Kxe3 O-O-O 16. c3 Ba5 17. b4 Bb6 18. Nd6+
1-0

[Event "老子"]
[Site "SchemingMind.com"]
[Date "2016.12.21"]
[Round "-"]
[White "Transcendent"]
[Black "flyinduck"]
[Result "0-1"]
[WhiteCountry "ENG"]
[BlackCountry "CAN"]
[WhiteElo "1688"]
[WhiteRD "62"]
[BlackElo "2043"]
[BlackRD "60"]
[GameID "408259"]

1. d4 d5 2. c4 e5 3. dxe5 d4 4. Nf3 Nc6 5. a3 Nge7 6. Nbd2 Nf5 7. Nb3 Be6 8. Qd3 a5 9. Bf4 a4 10. Nbd2 Be7
11. g3 g5 12. e4 dxe3 13. Qxd8+ Rxd8 14. Bxe3 Nxe3 15. fxe3 g4 16. Nh4 Nxe5 17. O-O-O O-O 18. Be2 Nd3+ 19. Bxd3 Rxd3 20. Ng2 Rfd8
21. Ne4 Rxd1+ 22. Rxd1 Rxd1+ 23. Kxd1 Bxc4 24. Kc2 Bd5 25. Kd3 f5
0-1

[Event "老子"]
[Site "SchemingMind.com"]
[Date "2016.12.21"]
[Round "-"]
[White "flyinduck"]
[Black "Transcendent"]
[Result "1-0"]
[WhiteCountry "CAN"]
[BlackCountry "ENG"]
[WhiteElo "2068"]
[WhiteRD "62"]
[BlackElo "1636"]
[BlackRD "81"]
[GameID "408260"]

1. e4 e6 2. d4 d5 3. Nc3 Bb4 4. e5 c5 5. a3 Bxc3+ 6. bxc3 Ne7 7. Qg4 cxd4 8. Bd3 Qa5 9. Ne2 O-O 10. Bg5 Ng6
11. f4 Nd7 12. O-O dxc3 13. Rf3 h6 14. Bxh6 Qc5+ 15. Kh1 Qe7 16. Rh3 f5 17. Qxg6 Qf7 18. Qg3
1-0

[Event "老子"]
[Site "SchemingMind.com"]
[Date "2016.12.21"]
[Round "-"]
[White "Chessibelle"]
[Black "flyinduck"]
[Result "0-1"]
[WhiteCountry "ENG"]
[BlackCountry "CAN"]
[WhiteElo "1120"]
[WhiteRD "65"]
[BlackElo "2042"]
[BlackRD "57"]
[GameID "408261"]

1. d4 d5 2. e3 Nf6 3. Nf3 Bf5 4. h3 e6 5. Nc3 Bd6 6. g4 Bg6 7. Be2 a6 8. O-O c5 9. a3 Nc6 10. Ng5 h6
11. Nf3 O-O 12. Bd2 c4 13. b3 b5 14. Nh4 Bh7 15. Be1 Nxg4 16. Bxg4 Qxh4 17. Bd2 f5 18. Bf3 Qxh3
0-1

[Event "老子"]
[Site "SchemingMind.com"]
[Date "2016.12.21"]
[Round "-"]
[White "flyinduck"]
[Black "Chessibelle"]
[Result "1-0"]
[WhiteCountry "CAN"]
[BlackCountry "ENG"]
[WhiteElo "2042"]
[WhiteRD "57"]
[BlackElo "1120"]
[BlackRD "65"]
[GameID "408262"]

1. e4 e5 2. f4 Nc6 3. Nf3 d6 4. Bc4 Nf6 5. Nc3 Be7 6. d3 Bg4 7. h3 Bh5 8. Be3 O-O 9. f5 Nd4 10. g4 Nxg4
11. hxg4 Bxg4 12. Bxd4 exd4 13. Nb1 Kh8 14. Nbd2 Bh4+ 15. Rxh4 Bxf5 16. exf5 Re8+ 17. Kf2 h6 18. Qh1 Qf6 19. Qh3 Re3 20. Rg1 Kg8
21. Rxh6 Re2+ 22. Kxe2 Re8+ 23. Kd1 Qxh6 24. Qxh6 Kf8 25. Qh8+ Ke7 26. Re1+
1-0

[Event "老子"]
[Site "SchemingMind.com"]
[Date "2016.12.21"]
[Round "-"]
[White "Stephen Woodhouse"]
[Black "flyinduck"]
[Result "0-1"]
[WhiteCountry "ENG"]
[BlackCountry "CAN"]
[WhiteElo "1924"]
[WhiteRD "53"]
[BlackElo "2042"]
[BlackRD "57"]
[GameID "408263"]

1. e4 Nf6 2. e5 Nd5 3. d4 d6 4. Nf3 dxe5 5. Nxe5 Nd7 6. Nxd7 Bxd7 7. Be2 Bf5 8. c3 e6 9. O-O Be7 10. Nd2 O-O
11. Nc4 c5 12. Ne3 Bg6 13. Nxd5 exd5 14. Be3 c4 15. Bh5 Bg5 16. Bxg6 fxg6 17. Qd2 Bxe3 18. Qxe3 Qd7 19. Rfe1 Rae8 20. Qd2 h6
21. Rxe8 Rxe8 22. Re1 Rxe1+ 23. Qxe1 Qf5 24. g3 Kh7 25. Qe5 Qb1+ 26. Kg2 Qxb2 27. Qxd5 Qxc3 28. Qc5 b6 29. Qc7 Qxd4 30. Qxa7 c3
0-1

[Event "老子"]
[Site "SchemingMind.com"]
[Date "2016.12.21"]
[Round "-"]
[White "flyinduck"]
[Black "Stephen Woodhouse"]
[Result "1/2-1/2"]
[WhiteCountry "CAN"]
[BlackCountry "ENG"]
[WhiteElo "2042"]
[WhiteRD "57"]
[BlackElo "1924"]
[BlackRD "53"]
[GameID "408264"]

1. e4 e6 2. d4 d5 3. Nc3 Nf6 4. e5 Nfd7 5. f4 c5 6. Nf3 Nc6 7. Be3 cxd4 8. Nxd4 Bc5 9. Qd2 O-O 10. O-O-O a6
11. Qf2 Bxd4 12. Bxd4 Nxd4 13. Qxd4 Qb6 14. Qxb6 Nxb6 15. Ne2 Nc4 16. Rd3 Bd7 17. b3 Na5 18. Nd4 Nc6 19. Rd2 Nxd4 20. Rxd4 Rac8
21. Kb2 Rc7 22. a4 Rfc8 23. Rd2 Rc3 24. Bd3 b5 25. axb5 Bxb5 26. Bxb5 axb5 27. Ra1 R3c5 28. Ra5 Kf8 29. g3 Ke7 30. b4 Rc4
31. Rxb5 Re4 32. Rb7+ Ke8 33. c3 Rec4 34. Rd3 Re4 35. Rd2 Rec4 36. Rd3 Re4 37. Rd2 Rec4=
1/2-1/2

[Event "老子"]
[Site "SchemingMind.com"]
[Date "2016.12.22"]
[Round "-"]
[White "flyinduck"]
[Black "Wojtek26"]
[Result "1-0"]
[WhiteCountry "CAN"]
[BlackCountry "POL"]
[WhiteElo "2042"]
[WhiteRD "57"]
[BlackElo "1536"]
[BlackRD "48"]
[GameID "408265"]

1. e4 e5 2. f4 exf4 3. Nf3 g5 4. h4 g4 5. Ne5 d6 6. Nxg4 h5 7. Nf2 f5 8. Nc3 Nc6 9. d4 Be7 10. Bxf4 fxe4
11. Ncxe4 Bxh4 12. g3 Bg5 13. Bxg5 Qd7 14. Rxh5 Rxh5 15. Qxh5+
1-0

[Event "老子"]
[Site "SchemingMind.com"]
[Date "2016.12.21"]
[Round "-"]
[White "Wojtek26"]
[Black "flyinduck"]
[Result "0-1"]
[WhiteCountry "POL"]
[BlackCountry "CAN"]
[WhiteElo "1585"]
[WhiteRD "53"]
[BlackElo "2043"]
[BlackRD "60"]
[GameID "408266"]

1. e4 Nf6 2. d3 e5 3. Nf3 Nc6 4. Bg5 h6 5. Bh4 Be7 6. Nc3 d6 7. Be2 Be6 8. O-O g5 9. Bg3 Rg8 10. d4 g4
11. d5 gxf3 12. Bxf3 Nd4 13. dxe6 fxe6 14. Ne2 Nxf3+ 15. gxf3 Qd7 16. b3 O-O-O 17. a4 h5 18. h4 Rg6 19. Nc3 Rdg8 20. Kg2 Nh7
21. Kh2 Qd8 22. Qe2 Bxh4 23. Rg1 Bg5 24. Nb5 a6 25. Nc3 h4 26. Bxe5 dxe5 27. Rad1 Bf4+ 28. Kh1 Rxg1+ 29. Rxg1 Rxg1+ 30. Kxg1 h3
31. Qd3 Qg5+ 32. Kf1 h2
0-1